LEADER 01344nam0-2200397---450 001 990005740320203316 005 20190403125021.0 035 $a000574032 035 $aUSA01000574032 035 $a(ALEPH)000574032USA01 035 $a000574032 100 $a20080214d1978----|||y0itaa50------ba 101 $ager 102 $ade 105 $a0 00||| 200 1 $a<> ganze Deutschland soll es sein$edemokratischer Nationalismus in der Weimarer Republik am Beispiel der Deutschen Demokratischen Partei$fvon Jurgen C. Hess 210 $aStuttgart$cKlett-Cotta$dc1978 215 $a400 p.$d24 cm. 225 2 $aKieler historische Studien$fHrsg. von Hartmut Boockmann ... [et al.]$v24 410 0$12001$aKieler historische Studien$v24 606 $aNazionalismo$xAustria$xSec. 20..$2F 606 $aPARTITO SOCIALDEMOCRATICO$xGERMANIA$x1928 / 1932$2F 620 $dSTUTTGART 676 $a320.540 943 700 1$aHESS,$bJurgen C.$0615779 801 0$aIT$bSA$c20111219 912 $a990005740320203316 950 0$aDipar.to di Filosofia - Salerno$dDFCC 320.540 943 HES$e1283 FIL 951 $aCC 320.540 943$b1283 FIL 959 $aBK 969 $aFIL 979 $c20121027$lUSA01$h1526 979 $c20121027$lUSA01$h1615 996 $aGanze Deutschland soll es sein$91082551 997 $aUNISA NUM $aSA0023970 LEADER 04442nam 2200613Ia 450 001 9910462125603321 005 20200520144314.0 010 $a1-61728-622-2 035 $a(CKB)2670000000161824 035 $a(EBL)3018036 035 $a(SSID)ssj0000687626 035 $a(PQKBManifestationID)11421645 035 $a(PQKBTitleCode)TC0000687626 035 $a(PQKBWorkID)10755950 035 $a(PQKB)10000911 035 $a(MiAaPQ)EBC3018036 035 $a(Au-PeEL)EBL3018036 035 $a(CaPaEBR)ebr10658958 035 $a(OCoLC)923654809 035 $a(EXLCZ)992670000000161824 100 $a20100424d2011 uy 0 101 0 $aeng 135 $aur|n|---||||| 181 $ctxt 182 $cc 183 $acr 200 00$aCalifornia water crisis$b[electronic resource] /$fPaula C. Serrano, editor 210 $aNew York $cNova Science Publishers$dc2011 215 $a1 online resource (396 p.) 225 1 $aWater resource planning, development and management 300 $aDescription based upon print version of record. 311 $a1-61728-267-7 320 $aIncludes bibliographical references (p. [373]) and index. 327 $a""LIBRARY OF CONGRESS CATALOGING-IN-PUBLICATION DATA ""; ""CALIFORNIA WATER CRISIS ""; ""CONTENTS ""; ""PREFACE ""; ""CALIFORNIA DROUGHT: HYDROLOGICAL AND REGULATORY WATER SUPPLY ISSUES ""; ""SUMMARY ""; ""INTRODUCTION ""; ""WHAT IS DROUGHT? ""; ""DROUGHT IN CALIFORNIA: HYDROLOGICAL CONDITIONS ""; ""Runoff and Storage ""; ""Timing ""; "" Prospects for a Continuing Hydrologic Drought ""; "" Groundwater ""; "" REGULATORY RESTRICTIONS AFFECTING WATER DELIVERIES 27 ""; ""Effects of Regulatory Restrictions ""; ""2009 Delta Export Reductions "" 327 $a""How Do Current Exports Compare to the Last Drought? """"CALIFORNIA WATER RIGHTS: ACQUISITIONS AND ALLOCATIONS ""; "" Priority of Water Rights ""; ""Water Rights and Allocations for Water Delivered via the CVP and SWP ""; ""Conclusion ""; ""APPENDIX A. RESERVOIR CONDITIONS FOR 12 RESERVOIRS AS OF APRIL 27, 2009 ""; ""APPENDIX B. RESERVOIR CONDITIONS FOR 12 RESERVOIRS AS OF SEPTEMBER 27, 2009 ""; ""End Notes ""; ""CALIFORNIA WATER LAW AND RELATED LEGAL AUTHORITY AFFECTING THE SACRAMENTO-SAN JOAQUIN DELTA ""; ""SUMMARY ""; ""INTRODUCTION ""; ""CALIFORNIA WATER RIGHTS "" 327 $a""Acquiring Water Rights """"Priority of Water Rights ""; ""Modification of Water Rights and the No Injury Rule ""; ""Rule of Reasonable Use and the Public Trust Doctrine ""; ""THE WATER PROJECTS AND WATER RIGHTS ""; ""Settlement Contracts ""; ""Exchange Contracts ""; ""Contractual Rights to Water ""; ""REGULATION OF WATER RIGHTS AND WATER QUALITY IN THE DELTA ""; ""Water Rights Regulation ""; ""Water Quality Oversight ""; ""LITIGATION OF WATER RIGHTS AND MANAGEMENT IN THE DELTA ""; ""The Racanelli Decision ""; ""The State Water Resources Control Board Cases "" 327 $a""Selected Litigation Regarding Flow Reductions in the Delta """"CONGRESSIONAL AUTHORITY TO ACT AND CURRENT INTEREST ""; ""End Notes ""; ""REALITY CHECK: CALIFORNIA'S WATER CRISIS ""; ""RHETORIC: a???REGULATORY DROUGHTa??? ""; ""RHETORIC: a???TURN ON THE PUMPSa??? ""; ""RHETORIC: a???GOD SQUADa??? ""; ""WHAT CAN WE DO NOW? "" 327 $a""WRITTEN STATEMENT OF MARY GLACKEN, DEPUTY UNDER-SECRETARY FOR OCEANS AND ATMOSPHERE, NATIONAL OCEANIC AND ATMOSPHERIC ADMINISTRATION, U.S. DEPT. OF COMMERCE, BEFORE THE COMMITTEE ON NATURAL RESOURCES, - OVERSIGHT HEARING ON ""THE CALIFORNIA DROUGHT: ACTIONS BY FEDERAL AND STATE AGENCIES TO ADDRESS IMPACTS ON LANDS, FISHERIES, AND WATER USERS"" """"CURRENT CALIFORNIA HYDROMETEOROLOGICAL CONDITIONS, WATER SUPPLY FORECASTS, COMPARISONS TO NORMAL, AND CLIMATE TRENDS ""; ""Precipitation ""; ""Snowpack ""; ""Reservoir Storage ""; ""Water Supply Forecasts "" 327 $a""Drought Background "" 410 0$aWater resource planning, development and management series. 606 $aDroughts$zCalifornia 606 $aWater-supply$zCalifornia 608 $aElectronic books. 615 0$aDroughts 615 0$aWater-supply 676 $a363.6/109794 701 $aSerrano$b Paula C$0958249 801 0$bMiAaPQ 801 1$bMiAaPQ 801 2$bMiAaPQ 906 $aBOOK 912 $a9910462125603321 996 $aCalifornia water crisis$92171051 997 $aUNINA LEADER 03332nam 2200529 450 001 9910467058603321 005 20211109005556.0 010 $a1-4625-3035-4 035 $a(CKB)3710000001390963 035 $a(MiAaPQ)EBC4844825 035 $a(Au-PeEL)EBL4844825 035 $a(CaPaEBR)ebr11387878 035 $a(OCoLC)988174394 035 $a(EXLCZ)993710000001390963 100 $a20170617h20172017 uy 0 101 0 $aeng 135 $aurcnu|||||||| 181 $2rdacontent 182 $2rdamedia 183 $2rdacarrier 200 10$aOver the influence $ethe harm reduction guide to controlling your drug and alcohol use /$fPatt Denning, Jeannie Little 205 $aSecond edition. 210 1$aNew York, New York ;$aLondon, [England] :$cThe Guilford Press,$d2017. 210 4$d©2017 215 $a1 online resource (306 pages) 311 $a1-4625-3034-6 320 $aIncludes bibliographical references and index. 327 $aCover; Half Title Page; Title Page; Copyright; Dedication; Contents; Acknowledgments; Preface: How Did We Get Here?; Introduction: Why Harm Reduction?; 1. Welcome to Harm Reduction; 2. Why Do People Use Drugs?; 3. When Is Drug Use Harmful?; 4. Why Do Some People Get into Trouble While Others Don't?; 5. How Do I Know If I Am in Trouble?; 6. How People Change; 7. You Don't Have to Quit to Change; 8. Substance Use Management; 9. Taking Care of Yourself While Still Using; 10. How Can I Tell If Harm Reduction Is Working?; 11. Finding the Right Help. 327 $a12. A Letter to Family and Friends of People Who Use DrugsWhat You Should Know about Drugs: A Quick Reference; Resources; Index; About the Authors. 330 $a"Just say no" just doesn't work for everyone. If you've tried to quit and failed, simply want to cut down, or wish to work toward sobriety gradually, join the many thousands of readers who have turned to this empathic, science-based resource--now thoroughly revised. A powerful alternative to abstinence-only treatments, harm reduction helps you set and meet your own goals for gaining control over alcohol and drugs. Step by step, the expert authors guide you to determine: *Which aspects of your habits may be harmful. *How to protect your safety and make informed choices. *What changes you would like to make. *How to put your intentions into action. *When it's time to seek help--and where to turn. Updated to reflect a decade's worth of research, the fully revised second edition is even more practical. It features additional vivid stories and concrete examples, engaging graphics, new worksheets (which you can download and print for repeated use), "Self-Reflection" boxes, and more. Mental health professionals, see also the authors' Practicing Harm Reduction Psychotherapy, Second Edition. 606 $aSubstance abuse$xPrevention$vPopular works 606 $aSelf-care, Health 606 $aHarm reduction 608 $aElectronic books. 615 0$aSubstance abuse$xPrevention 615 0$aSelf-care, Health. 615 0$aHarm reduction. 676 $a362.29 700 $aDenning$b Patt$0988494 702 $aLittle$b Jeannie 801 0$bMiAaPQ 801 1$bMiAaPQ 801 2$bMiAaPQ 906 $aBOOK 912 $a9910467058603321 996 $aOver the influence$92260340 997 $aUNINA LEADER 04191 am 2200901 n 450 001 9910571796203321 005 20220601 010 $a2-7535-8740-X 024 7 $a10.4000/books.pur.163874 035 $a(CKB)4100000012876664 035 $a(FrMaCLE)OB-pur-163874 035 $a(oapen)https://directory.doabooks.org/handle/20.500.12854/86818 035 $a(PPN)267963130 035 $a(EXLCZ)994100000012876664 100 $a20220603j|||||||| ||| 0 101 0 $afre 135 $auu||||||m|||| 181 $ctxt$2rdacontent 182 $cc$2rdamedia 183 $acr$2rdacarrier 200 10$aVoir, juger, agir $eAction catholique, jeunesse et éducation populaire (1945-1979) /$fBernard Giroux 210 $aRennes $cPresses universitaires de Rennes$d2022 215 $a1 online resource (224 p.) 225 1 $aHistoire 311 $a2-7535-8595-4 330 $aIl y a près d?un siècle, les premières réunions de la Jeunesse ouvrière chrétienne française se tenaient à Lille. Assemblés autour d?un prêtre, de jeunes hommes s?engageaient pour rendre aux ouvriers leur fierté et leur apporter la foi. Bien vite se sont organisées des associations comparables pour les jeunes garçons et filles issus d?autres catégories sociales. Ces mouvements n?ont pas permis la rechristianisation espérée, mais ils sont devenus de formidables vecteurs d?éducation populaire ; ils ont bouleversé la vie de plusieurs générations de militants et ont formé nombre de cadres pour la société et pour l?Église. Cette dernière contrôlait et appuyait cette mobilisation des laïcs, qu?elle appelait « Action catholique spécialisée ». Mais ce terme traduit-il vraiment la diversité des expériences vécues à la base ? Et comment expliquer l?épuisement de ce dispositif si performant jusqu?aux Trente Glorieuses ? Comment ces bouleversements ont-ils été vécus ? Où les énergies et les convictions sociales, politiques et religieuses se sont-elles ensuite réinvesties ? En abordant ces questions, cet ouvrage ? qui mêle les analyses scientifiques aux témoignages d?anciens militants et aumôniers ? permet de mieux comprendre les profondes mutations de la société française, du militantisme et du christianisme. 606 $aReligion 606 $aHistory 606 $acatholicisme 606 $aAction catholique 606 $aéducation populaire 606 $aXXe siècle 606 $ajeunesse 606 $aapostolat 606 $aJeunesse étudiante chrétienne 606 $aJeunesse ouvrière chrétienne 606 $aJeunesse agricole catholique 606 $aJeunesse indépendante chrétienne 610 $acatholicisme 610 $aAction catholique 610 $aéducation populaire 610 $aXXe siècle 610 $ajeunesse 610 $aapostolat 610 $aJeunesse étudiante chrétienne 610 $aJeunesse ouvrière chrétienne 610 $aJeunesse agricole catholique 610 $aJeunesse indépendante chrétienne 615 4$aReligion 615 4$aHistory 615 4$acatholicisme 615 4$aAction catholique 615 4$aéducation populaire 615 4$aXXe siècle 615 4$ajeunesse 615 4$aapostolat 615 4$aJeunesse étudiante chrétienne 615 4$aJeunesse ouvrière chrétienne 615 4$aJeunesse agricole catholique 615 4$aJeunesse indépendante chrétienne 700 $aBailly Alemu$b Claire$01332247 701 $aBaziou$b Jean-Yves$01332248 701 $aBizien Filippi$b Myriam$01332249 701 $aDivo$b Jean$01332250 701 $aFlauraud$b Vincent$01319735 701 $aGaret$b Jacqueline$01332251 701 $aGiroux$b Bernard$01307119 701 $aMeunier$b Jacques$017321 701 $aRaison du Cleuziou$b Yann$01288215 701 $aRoglet$b Jean-Marie$01332252 701 $aTeissier$b Jacques$01332253 701 $aTranvouez$b Yvon$0916681 701 $aGiroux$b Bernard$01307119 801 0$bFR-FrMaCLE 906 $aBOOK 912 $a9910571796203321 996 $aVoir, juger, agir$93040775 997 $aUNINA LEADER 02796nam 2200577Ia 450 001 9910438130303321 005 20251116165600.0 010 $a3-642-12502-6 024 7 $a10.1007/978-3-642-12502-7 035 $a(CKB)2560000000104453 035 $a(EBL)1317439 035 $a(SSID)ssj0000935585 035 $a(PQKBManifestationID)11576679 035 $a(PQKBTitleCode)TC0000935585 035 $a(PQKBWorkID)10955918 035 $a(PQKB)10792231 035 $a(DE-He213)978-3-642-12502-7 035 $a(MiAaPQ)EBC1317439 035 $a(PPN)170490017 035 $a(EXLCZ)992560000000104453 100 $a20130424d2013 uy 0 101 0 $aeng 135 $aur|n|---||||| 181 $ctxt 182 $cc 183 $acr 200 00$aCorneal surgery $eessential techniques /$fBruno Zuberbuhler ... [et. al.] 205 $a1st ed. 2013. 210 $aNew York $cSpringer$d2013 215 $a1 online resource (159 p.) 300 $aDescription based upon print version of record. 311 08$a3-642-12501-8 320 $aIncludes bibliographical references and index. 327 $aIntroduction -- Ocular surface and reconstructive surgery -- Corneal Transplantation -- Refractive corneal surgery -- Wet Lab. 330 $aThis book is an informative and comprehensive guide to the essential techniques currently employed in corneal surgery. It focuses in particular on two principal areas: the treatment of corneal disorders by means of different forms of corneal transplantation and the use of the Excimer laser to treat refractive disorders.   In order to facilitate learning and later deployment of the techniques a multimedia approach is used. Surgical steps are described clearly within the book and can then be observed in detail on the accompanying high-quality DVD. A further feature is the inclusion of a chapter devoted to wet lab training, which presents practical preparatory exercises that can be performed by the surgeon, in some cases at home.   This book will be of particular value as a handy reference for ophthalmologists who are just embarking upon their surgical training. However, it will also be informative for trained eye surgeons, who will be able to compare their own practice with the presented procedures and to assimilate the latest techniques. 606 $aCornea$xSurgery 606 $aEye$xSurgery 615 0$aCornea$xSurgery. 615 0$aEye$xSurgery. 676 $aEB 701 $aZuberbu?hler$b Bruno$0894265 701 $aTuft$b Stephen$01756310 701 $aGartry$b David$01351741 701 $aSpokes$b David$01756311 801 0$bMiAaPQ 801 1$bMiAaPQ 801 2$bMiAaPQ 906 $aBOOK 912 $a9910438130303321 996 $aCorneal surgery$94193524 997 $aUNINA